Impact of the Contracts (Rights of Third Parties) Act 1999 on planning obligations (Record no. 64434)

MARC details
000 -LEADER
fixed length control field 00859cam a2200229 4500
001 - CONTROL NUMBER
control field ABS62770
008 - FIXED-LENGTH DATA ELEMENTS--GENERAL INFORMATION
fixed length control field 000000n2000 000 0 eng u
035 ## - SYSTEM CONTROL NUMBER
System control number (Sirsi) u107875
100 ## - MAIN ENTRY--PERSONAL NAME
Personal name Robinson, A.
245 ## - TITLE STATEMENT
Title Impact of the Contracts (Rights of Third Parties) Act 1999 on planning obligations
260 ## - PUBLICATION, DISTRIBUTION, ETC.
Date of publication, distribution, etc. 2000
490 ## - SERIES STATEMENT
Series statement Journal of Planning and Environment Law
Volume/sequential designation August 2000, 778-782(5)
520 ## - SUMMARY, ETC.
Summary, etc. Provides a brief introduction to the main provisions of the Contracts (Rights of Third Parties) Act 1999 and considers the impact on s106 agreements.
590 ## - LOCAL NOTE (RLIN)
Local note ABS
650 ## - SUBJECT ADDED ENTRY--TOPICAL TERM
Topical term or geographic name entry element CONTRACTS (RIGHTS OF THIRD PARTIES) ACT 1999
650 ## - SUBJECT ADDED ENTRY--TOPICAL TERM
Topical term or geographic name entry element TOWN AND COUNTRY PLANNING ACT 1990 S106
650 ## - SUBJECT ADDED ENTRY--TOPICAL TERM
Topical term or geographic name entry element PLANNING OBLIGATIONS
650 ## - SUBJECT ADDED ENTRY--TOPICAL TERM
Topical term or geographic name entry element THIRD PARTIES
650 ## - SUBJECT ADDED ENTRY--TOPICAL TERM
Topical term or geographic name entry element TRANSFER OF LAND
690 ## - LOCAL SUBJECT ADDED ENTRY--TOPICAL TERM (OCLC, RLIN)
Topical term or geographic name as entry element Planning and development
9 (RLIN) 6259
942 ## - ADDED ENTRY ELEMENTS (KOHA)
Suppress in OPAC 0
Holdings
Withdrawn status Lost status Source of classification or shelving scheme Damaged status Not for loan Home library Current library Shelving location Date acquired Total Checkouts Full call number Barcode Date last seen Copy number Price effective from Koha item type
    Dewey Decimal Classification     London London Journal article 18/08/2000   ABS62770 107875-1001 06/08/2019 1 06/08/2019 Journal article